000 00527nam a2200217Ia 4500
003 OSt
005 20220928140739.0
006 a|||||r|||| 00| 0
007 ta
008 220927b |||||||| |||| 00| 0 eng d
024 _a11544
037 _cTextual
040 _aSDCL
_cSDCL
_beng
041 _2eng
_aeng
082 _a4x2, L7
100 _aChaturvedi Narayan Au.
_9497417
245 0 _aPavan smaran.
260 _c1977
942 _h4x2, L7
_cTEXL
_2CC
999 _c813962
_d813962